Francja - quiz wielokrotnego wyboru - Statystyki

Ogólne statystyki
  • Ten quiz został rozwiązany 151 razy
  • Średni wynik to 9 z 15
Statystyki odpowiedzi
Zagadnienie Odpowiedź % Poprawnych
Który z tych państw nie graniczy z Francją? Austria
92%
Czy Francja posiada terytorium na kontynencie Ameryki Południowej? Tak
91%
Jaka jest przybliżona populacja Francji? 68 milionów
85%
Jaki jest najczęstsze państwo urodzenia mieszkańców Francji, którzy nie urodzili się we Francji? Algieria
80%
W jaki dzień w roku Francuzi obchodzą swoje święto narodowe? 14 Lipiec
73%
Które z tych miast nie leży nad Morzem Śródziemnym? Nantes
65%
Ile razy Francja wygrywała mistrzostwo świata w piłce nożnej mężczyzn? Dwa
63%
Który z tych państw nigdy nie było kolonią francuską? Kenia
62%
Jaki spokojny okres w historii Francji trwał od 1871 do 1914 roku? La Belle Époque
60%
Jaki procent energii elektrycznej we Francji pochodzi z energii jądrowej? 70%
56%
Która z tych osób nigdy nie była prezydentem Francji? Louis Lumière
52%
Jaki jest najbardziej na zachód wysunięty region Francji kontynentalnej? Brytania
47%
Co wynalazł Louis Daguerre? Fotografii
37%
Z czego najbardziej znany jest Denis Diderot? Zredagowanie ważnej encyklopedii
37%
Kogo powszechnie uważa się za pierwszego króla Francji? Chlodwig
34%
Nie znaleziono quizów pasujących do podanych kryteriów
Rozkład punktacji
Procent ludzi z każdym wynikiem
Percentyl według liczby udzielonych odpowiedzi
Twoja historia wyników
Nie rozwiązałeś tego quizu